000 00733nam a2200253#a 4500
001 00706
003 HDC
007 ta
008 230623s2008 xx 000 0 eng d
040 _aHDC
050 _aMAL HG 4244
_b.66 .M35 2007
240 _aMalaysia's top five hundred largest listed corporations
245 0 _aMalaysia's top 500 largest listed corporations 2006/2007
246 _aMalaysia's top 500
264 _aKuala Lumpur :
_bSparkton,
_c2008
300 _av. :
_b col. ill. ;
_c 29cm.
500 _aTitle from cover
650 _aBusiness enterprises
_zMalaysia
_vDirectories
650 _aCommercial catalogs
_vDirectories
942 _2lcc
942 _cBK
942 _kMAL HG 4244
942 _m.66 .M35 2007
999 _c22321
_d22321